<?xml version="1.0" encoding="UTF-8"?>
<record
    xmlns:xsi="http://www.w3.org/2001/XMLSchema-instance"
    xsi:schemaLocation="http://www.loc.gov/MARC21/slim http://www.loc.gov/standards/marcxml/schema/MARC21slim.xsd"
    xmlns="http://www.loc.gov/MARC21/slim">

  <leader>01736nam a2200349   4500</leader>
  <controlfield tag="003">OSt</controlfield>
  <controlfield tag="005">20260513170325.0</controlfield>
  <controlfield tag="008">260513b        |||||||| |||| 00| 0 aze d</controlfield>
  <datafield tag="020" ind1=" " ind2=" ">
    <subfield code="a">9952418113</subfield>
  </datafield>
  <datafield tag="040" ind1=" " ind2=" ">
    <subfield code="a">AZ-XaKU</subfield>
    <subfield code="b">aze</subfield>
    <subfield code="c">AZ-XaKU</subfield>
  </datafield>
  <datafield tag="041" ind1="0" ind2=" ">
    <subfield code="a">aze</subfield>
  </datafield>
  <datafield tag="050" ind1="1" ind2="4">
    <subfield code="a">PL314 .S27 .W892562004</subfield>
  </datafield>
  <datafield tag="100" ind1="1" ind2=" ">
    <subfield code="a">Sar&#x131;v&#x259;li, Osman </subfield>
    <subfield code="c">yaz&#x131;&#xE7;&#x131;,</subfield>
    <subfield code="d">1905-1990,</subfield>
    <subfield code="e">m&#xFC;&#x259;llif.</subfield>
  </datafield>
  <datafield tag="245" ind1="1" ind2=" ">
    <subfield code="a">Se&#xE7;ilmi&#x15F; &#x259;s&#x259;rl&#x259;ri</subfield>
    <subfield code="b">/Osman, Sar&#x131;v&#x259;li yaz&#x131;&#xE7;&#x131; ; &#xF6;n s&#xF6;z m&#xFC;&#x259;llifi B&#x259;xtiyar Vahabzad&#x259; ; t&#x259;rtib ed&#x259;ni v&#x259; redaktoru Az&#x259;r Qurbanov ; burax&#x131;l&#x131;&#x15F;a m&#x259;sul &#x18F;ziz G&#xFC;l&#x259;liyev ; texniki redaktor R&#xF6;v&#x15F;&#x259;n A&#x11F;ayev ; t&#x259;rtibat&#xE7;&#x131;-r&#x259;ssam N&#x259;rgiz &#x18F;liyeva ;  korrektor Elmira Teymurova.</subfield>
  </datafield>
  <datafield tag="264" ind1=" " ind2=" ">
    <subfield code="a">Bak&#x131; ;</subfield>
    <subfield code="b">&#x15E;&#x259;rq-Q&#x259;rb ;</subfield>
    <subfield code="c">2004.</subfield>
  </datafield>
  <datafield tag="300" ind1=" " ind2=" ">
    <subfield code="a">208 s&#x259;hif&#x259; ;</subfield>
    <subfield code="c">22.5 sm.</subfield>
  </datafield>
  <datafield tag="336" ind1=" " ind2=" ">
    <subfield code="a">text</subfield>
    <subfield code="b">txt</subfield>
    <subfield code="2">rdacontent</subfield>
  </datafield>
  <datafield tag="337" ind1=" " ind2=" ">
    <subfield code="a">unmediated</subfield>
    <subfield code="b">n</subfield>
    <subfield code="2">rdamedia</subfield>
  </datafield>
  <datafield tag="338" ind1=" " ind2=" ">
    <subfield code="a">volume </subfield>
    <subfield code="b">nc</subfield>
    <subfield code="2">rdacarrier</subfield>
  </datafield>
  <datafield tag="490" ind1="1" ind2=" ">
    <subfield code="a">M&#xFC;asir Az&#x259;rbaycan &#x259;d&#x259;biyyat&#x131;</subfield>
  </datafield>
  <datafield tag="505" ind1="0" ind2=" ">
    <subfield code="a">1. M&#x259;h&#x259;bb&#x259;t -- 2. Bu d&#xFC;nya durduqca duracaqs&#x131;n&#x131;z -- 3. &#x18F;n geni&#x15F; &#x259;l&#x259;m -- 4. H&#x259;yat f&#x259;ls&#x259;f&#x259;si -- 5. "K&#xF6;hn&#x259; k&#x259;ndin m&#x259;nz&#x259;r&#x259;l&#x259;ri" silsil&#x259;sind&#x259;n -- 6. &#x15E;air v&#x259; t&#x259;bi&#x259;t -- 7. C&#x259;nublu qarda&#x15F;lar&#x131;ma -- 8. A&#x15F;&#x131;q dostuma -- 9. Qocal&#x131;q -- 10. Ya&#x15F;amaq e&#x15F;qi -- 11. Balaca dostlar </subfield>
  </datafield>
  <datafield tag="650" ind1=" " ind2="7">
    <subfield code="2">AZ-XaKU</subfield>
    <subfield code="a">B&#x259;dii &#x259;d&#x259;biyyat </subfield>
    <subfield code="z">Az&#x259;rbaycan</subfield>
  </datafield>
  <datafield tag="700" ind1="1" ind2=" ">
    <subfield code="a">Vahabzad&#x259;, B&#x259;xdiyar.</subfield>
    <subfield code="e">&#xF6;n s&#xF6;z m&#xFC;&#x259;llifi,</subfield>
  </datafield>
  <datafield tag="700" ind1="1" ind2=" ">
    <subfield code="a">Qurbanov, Anar.</subfield>
    <subfield code="e">t&#x259;rtib ed&#x259;ni v&#x259; redaktoru.</subfield>
  </datafield>
  <datafield tag="700" ind1="1" ind2=" ">
    <subfield code="a">G&#xFC;l&#x259;liyev, &#x18F;ziz,</subfield>
    <subfield code="e">burax&#x131;l&#x131;&#x15F;a m&#x259;sul.</subfield>
  </datafield>
  <datafield tag="700" ind1="1" ind2=" ">
    <subfield code="a">A&#x11F;ayev, R&#xF6;v&#x15F;&#x259;n,</subfield>
    <subfield code="e">texniki redaktor.</subfield>
  </datafield>
  <datafield tag="700" ind1="1" ind2=" ">
    <subfield code="a">&#x18F;liyeva, N&#x259;rgiz,</subfield>
    <subfield code="e">t&#x259;rtibat&#xE7;&#x131;-r&#x259;ssam.</subfield>
  </datafield>
  <datafield tag="700" ind1="1" ind2=" ">
    <subfield code="a">Teymurova, Elmira,</subfield>
    <subfield code="e">korrektor.</subfield>
  </datafield>
  <datafield tag="830" ind1=" " ind2=" ">
    <subfield code="a">M&#xFC;asir Az&#x259;rbaycan &#x259;d&#x259;biyyat&#x131;</subfield>
  </datafield>
  <datafield tag="942" ind1=" " ind2=" ">
    <subfield code="c">BOOK</subfield>
  </datafield>
  <datafield tag="999" ind1=" " ind2=" ">
    <subfield code="c">466</subfield>
    <subfield code="d">466</subfield>
  </datafield>
  <datafield tag="952" ind1=" " ind2=" ">
    <subfield code="0">0</subfield>
    <subfield code="1">0</subfield>
    <subfield code="2">lcc</subfield>
    <subfield code="4">0</subfield>
    <subfield code="7">0</subfield>
    <subfield code="8">FC</subfield>
    <subfield code="a">KU</subfield>
    <subfield code="b">BEL</subfield>
    <subfield code="d">2026-05-13</subfield>
    <subfield code="l">0</subfield>
    <subfield code="o">PL314 .S27 .W892562004</subfield>
    <subfield code="p">0000000796</subfield>
    <subfield code="r">2026-05-13 17:01:00</subfield>
    <subfield code="w">2026-05-13</subfield>
    <subfield code="y">BOOK</subfield>
  </datafield>
</record>
